Pays Champions du Monde de Handball Hommes (Mort subite) - Statistiques

Statistiques générales
  • Ce quiz a été pris 850 fois
  • Le résultat moyen est 4 sur 11
Answers on the Grid
Answers color-coded by a green-red scale on the quiz's grid according to % correct below.
France
Suède
Roumanie
Danemark
URSS
Russie
Allemagne (+ ex RFA)
Espagne
Croatie
Tchécoslovaquie
Yougoslavie
Norvège
Qatar
RDA
Pologne
Hongrie
Islande
Serbie
Brésil
Slovénie
 
Statistiques - réponses
Réponse % Correct
France
78%
Danemark
61%
Espagne
47%
Allemagne (+ ex RFA)
46%
Suède
46%
Croatie
39%
URSS
37%
Russie
28%
Yougoslavie
28%
Tchécoslovaquie
22%
Roumanie
17%
Aucun quiz correspondant
Distribution des résultats
% des personnes avec chaque résultat
Percentile par nombre de réponses
Votre historique - résultats
Vous n’avez pas pris ce quiz